Educación y desarrollo: una relación dialéctica /
Sin resumen
Gorde:
| Egile nagusia: | |
|---|---|
| Formatua: | Texto |
| Hizkuntza: | Spanish |
| Gaiak: | |
| Etiketak: |
Etiketa erantsi
Etiketarik gabe, Izan zaitez lehena erregistro honi etiketa jartzen!
|
MARC
| LEADER | 00000 a a2200000 04500 | ||
|---|---|---|---|
| 001 | 8 | ||
| 003 | cru CIDCACS/IIS | ||
| 005 | 20180614150439.0 | ||
| 008 | 180614b ||||| |||| 00| 0 spa d | ||
| 999 | |c 24818 |d 24818 | ||
| 040 | |c cru CIDCACS/IIS | ||
| 100 | |a Méndez Cedeño, Carlos | ||
| 245 | 1 | |a Educación y desarrollo: |b una relación dialéctica / |c Carlos Méndez Cedeño | |
| 300 | |a páginas 251-254 | ||
| 520 | |a Sin resumen | ||
| 650 | |a EDUCACION | ||
| 650 | |a PRESUPUESTO DE LA EDUCACION | ||
| 650 | |a DESARROLLO ECONOMICO Y SOCIAL | ||
| 773 | 0 | |0 18806 |9 2087 |a Universidad Nacional de Costa Rica |d Heredia: C.R.: EUNA |o 02253 |t ABRA |x 14093928 | |
| 942 | |2 ddc |c PP | ||
